000 00349nam a2200145Ia 4500
005 20250603145923.0
008 250603s9999 xx 000 0 und d
020 _a978-978-52182-68
050 _aKP 116 . A5/
100 _aAmbali, M.A
245 4 _aThe Practice of Muslim Family Law in Nigeria
260 _c2014
300 _a27 p
942 _cBK
999 _c43245
_d43245